[Event "Pan American-ch School U15 12th"]
[Site "Callao"]
[Date "2023.10.17"]
[Round "3"]
[White "Cuellar Aguirre, Andres Santiago"]
[Black "Huertas Poma, Adrian Antonio"]
[Result "1-0"]
[WhiteElo "1103"]
[BlackElo "1399"]
[PlyCount "124"]
[EventDate "2023.10.16"]
[EventType "swiss"]
[EventRounds "9"]
[EventCountry "PER"]
[SourceTitle "Mega2024 Update 01"]
[Source "Chessbase"]
[SourceDate "2023.11.12"]
[SourceVersion "1"]
[SourceVersionDate "2023.11.12"]
[SourceQuality "1"]

1. d4 Nf6 2. Nf3 d5 3. e3 e6 4. Bd3 b6 5. Nbd2 c5 6. c3 Ba6 7. Bxa6 Nxa6 8. Qa4+ Qd7 9. Qxa6 c4 10. Ne5 Qc7 11. Qa4+ Kd8 12. Nc6+ Kc8 13. Qa6+ Kd7 14. Ne5+ Kd8 15. 0-0 Bd6 16. f4 Rg8 17. Ndf3 h6 18. h4 Ne4 19. Nd2 Ng3 20. Rf3 Nf5 21. Rh3 f6 22. Ng6 h5 23. e4 Nh6 24. e5 fxe5 25. Nxe5 Ng4 26. Ndf3 Rc8 27. Qa4 Nf6 28. Ng5 Re8 29. Ngf7+ Ke7 30. f5 Bxe5 31. Nxe5 exf5 32. Bg5 Kf8 33. Qb4+ Kg8 34. Rf3 Ng4 35. Rxf5 g6 36. Rf7 Qb8 37. Re7 Nxe5 38. dxe5 b5 39. Rf1 Qb6+ 40. Kh1 Rf8 41. Rf6 Rxf6 42. Bxf6 Rc5 43. Rg7+ Kf8 44. Rxg6 a5 45. Bg7+ Kf7 46. Rxb6 axb4 47. Bh6 bxc3 48. bxc3 Rc7 49. e6+ Ke8 50. Rxb5 Rc6 51. Rxd5 Rxe6 52. Rxh5 Ra6 53. Re5+ Kf7 54. Rf5+ Kg6 55. Rf4 Kxh6 56. Rxc4 Rxa2 57. Kh2 Kh5 58. Kh3 Ra1 59. g4+ Kh6 60. Rc6+ Kg7 61. c4 Ra3+ 62. Kg2 Rc3 1-0